[Event "Senta op 19th"]
[Site "Senta"]
[Date "2015.07.15"]
[Round "6"]
[White "Kaszas, Viktor"]
[Black "Jovanovic, Aleksandar D"]
[Result "1-0"]
[WhiteElo "2017"]
[BlackElo "2240"]
[PlyCount "129"]
[EventDate "2015.07.11"]
[EventType "swiss"]
[EventRounds "9"]
[EventCountry "SRB"]
[SourceTitle "EXT 2016"]
[Source "ChessBase"]
[SourceDate "2015.10.08"]
[SourceVersion "1"]
[SourceVersionDate "2015.10.08"]
[SourceQuality "1"]

1. e4 e5 2. Nf3 Nc6 3. d4 exd4 4. Nxd4 g6 5. Nc3 Bg7 6. Be3 Nf6 7. Bc4 0-0 8. 0-0 Ne5 9. Bb3 Re8 10. h3 Nc6 11. Nf3 d6 12. Ng5 Rf8 13. f4 Qe7 14. Qd3 h6 15. Nf3 Re8 16. e5 Bf5 17. Qd2 dxe5 18. fxe5 Nxe5 19. Nxe5 Rad8 20. Bxf7+ Kh7 21. Rxf5 Rxd2 22. Bxg6+ Kg8 23. Bxd2 Qc5+ 24. Kh1 Rxe5 25. Rxe5 Qxe5 26. Bd3 Nh5 27. Ne4 Qxb2 28. Rf1 Qxa2 29. Rf5 Qa1+ 30. Kh2 Be5+ 31. g3 Ng7 32. Bc4+ Kh7 33. Rf8 Qa3 34. Ng5+ hxg5 35. Bd3+ Nf5 36. Rxf5 Bxg3+ 37. Kxg3 Kg7 38. Rxg5+ Kf6 39. Rf5+ Ke6 40. Rf3 Qc5 41. Bf5+ Ke5 42. Bd3 Qg1+ 43. Kh4 c5 44. Bc3+ Kd6 45. Rf6+ Ke7 46. Rf3 a6 47. Bf6+ Kd6 48. Rf5 b5 49. Be5+ Ke6 50. Bg3 c4 51. Re5+ Kf7 52. Rf5+ Ke6 53. Re5+ Kf6 54. Rf5+ Ke7 55. Re5+ Kd8 56. Be4 b4 57. Rd5+ Ke7 58. Re5+ Kd7 59. Bf5+ Kc6 60. Be4+ Kb6 61. Rf5 Qc1 62. Rf6+ Kb5 63. Bc6+ Kb6 64. Be4+ Ka5 65. Bc7+ 1-0

[Event "Senta op 19th"]
[Site "Senta"]
[Date "2015.07.12"]
[Round "2"]
[White "Kaszas, Viktor"]
[Black "Meszaros, Bela"]
[Result "0-1"]
[WhiteElo "2017"]
[BlackElo "2206"]
[PlyCount "88"]
[EventDate "2015.07.11"]
[EventType "swiss"]
[EventRounds "9"]
[EventCountry "SRB"]
[SourceTitle "EXT 2016"]
[Source "ChessBase"]
[SourceDate "2015.10.08"]
[SourceVersion "1"]
[SourceVersionDate "2015.10.08"]
[SourceQuality "1"]

1. e4 e6 2. d4 c5 3. Nf3 cxd4 4. Nxd4 Nf6 5. Nc3 Nc6 6. Ndb5 d6 7. Bf4 e5 8. Bg5 a6 9. Na3 b5 10. Nd5 Qa5+ 11. Bd2 Qd8 12. Bg5 Be6 13. c4 b4 14. Nc2 a5 15. g3 Be7 16. Bxf6 Bxf6 17. Bg2 Bg5 18. 0-0 0-0 19. Qd3 Rc8 20. Rad1 Re8 21. Rfe1 g6 22. b3 f5 23. Bh3 f4 24. Bxe6+ Rxe6 25. f3 Re8 26. Kg2 h5 27. Re2 Kg7 28. gxf4 exf4 29. Nd4 Ne5 30. Qc2 Bh6 31. Kh1 Kh7 32. Rg2 Qh4 33. Qf2 Qd8 34. Qc2 Kh8 35. Qb2 Kh7 36. Qc2 Rb8 37. c5 dxc5 38. Qxc5 Rb7 39. Nc6 Rc7 40. Nxd8 Rxc5 41. Nf6+ Kh8 42. Nxe8 Nxf3 43. Rxg6 Bg5 44. Ne6 Rc2 0-1

[Event "Senta op 18th"]
[Site "Senta"]
[Date "2014.07.19"]
[Round "1"]
[White "Kaszas, Viktor"]
[Black "Demic, Aleksandar"]
[Result "1-0"]
[WhiteElo "2068"]
[BlackElo "1593"]
[PlyCount "57"]
[EventDate "2014.07.19"]
[EventType "swiss"]
[EventRounds "9"]
[EventCountry "SRB"]
[SourceTitle "CBM 161 Extra"]
[Source "ChessBase"]
[SourceDate "2014.08.29"]
[SourceVersion "1"]
[SourceVersionDate "2014.08.29"]
[SourceQuality "1"]

1. e4 c5 2. Nf3 d6 3. d4 cxd4 4. Nxd4 Nf6 5. Nc3 g6 6. Be3 Bg7 7. f3 0-0 8. g4 Nc6 9. Qd2 Nxd4 10. Bxd4 Be6 11. 0-0-0 Qa5 12. Kb1 Rfc8 13. a3 Rab8 14. h4 b5 15. g5 Nh5 16. Bxg7 Nxg7 17. Bh3 b4 18. Nd5 Rb7 19. Bxe6 Nxe6 20. axb4 Qa4 21. h5 Nd4 22. c3 Nb3 23. Qh2 Qa1+ 24. Kc2 Qa4 25. Kd3 Nc5+ 26. Ke3 e6 27. hxg6 fxg6 28. Nf6+ Kf8 29. Qxd6+ 1-0

[Event "Senta-ch"]
[Site "Senta"]
[Date "2014.02.09"]
[Round "7"]
[White "Kaszas, Viktor"]
[Black "Korponai, Akos"]
[Result "1-0"]
[WhiteElo "2045"]
[BlackElo "1888"]
[PlyCount "120"]
[EventDate "2014.01.24"]
[EventType "swiss"]
[EventRounds "9"]
[EventCountry "SRB"]
[SourceTitle "EXT 2016"]
[Source "ChessBase"]
[SourceDate "2015.10.08"]
[SourceVersion "1"]
[SourceVersionDate "2015.10.08"]
[SourceQuality "1"]

1. e4 c5 2. Nf3 g6 3. c3 Bg7 4. d4 cxd4 5. cxd4 d5 6. e5 Nc6 7. h3 h5 8. Nc3 Nh6 9. Qb3 Nf5 10. Be3 a6 11. Qxd5 Qb6 12. Qb3 Qxb3 13. axb3 Nb4 14. Kd2 Nxe3 15. fxe3 0-0 16. Bc4 Rb8 17. Nd5 Nxd5 18. Bxd5 Bf5 19. Ke2 e6 20. Bc4 Be4 21. Rhc1 Rbc8 22. Rc3 Bc6 23. Rac1 Rfd8 24. Kf2 Bd7 25. Ng5 Bf8 26. Bd3 Bb4 27. Rxc8 Rxc8 28. Rxc8+ Bxc8 29. Ne4 b5 30. Kg3 Kf8 31. Nd6 Bd7 32. Kf4 Ke7 33. Ne4 Bc8 34. Nf6 Bd2 35. g4 hxg4 36. hxg4 Bc1 37. Be4 Bxb2 38. Bc6 Bc1 39. Ke4 Bd2 40. Kd3 Bb4 41. e4 Kd8 42. d5 exd5 43. exd5 Be7 44. g5 Bxf6 45. gxf6 Bd7 46. Bb7 a5 47. Kd4 a4 48. bxa4 bxa4 49. Ba6 g5 50. Bc4 g4 51. Ke4 Kc7 52. Kf4 Kb6 53. e6 Be8 54. Kxg4 Kc5 55. Ba2 a3 56. Kf5 Kd6 57. Bb3 fxe6+ 58. dxe6 Ba4 59. Ba2 Bc2+ 60. Kg5 Ba4 1-0

[Event "Senta-ch"]
[Site "Senta"]
[Date "2014.01.31"]
[Round "4"]
[White "Posa, Janos"]
[Black "Kaszas, Viktor"]
[Result "0-1"]
[WhiteElo "1866"]
[BlackElo "2045"]
[PlyCount "38"]
[EventDate "2014.01.24"]
[EventType "swiss"]
[EventRounds "9"]
[EventCountry "SRB"]
[SourceTitle "EXT 2016"]
[Source "ChessBase"]
[SourceDate "2015.10.08"]
[SourceVersion "1"]
[SourceVersionDate "2015.10.08"]
[SourceQuality "1"]

1. d4 Nf6 2. c4 g6 3. Nc3 Bg7 4. e4 0-0 5. Nf3 d6 6. Be2 Nbd7 7. 0-0 e5 8. d5 Nc5 9. Nd2 a5 10. f3 Nh5 11. Nb3 Nf4 12. Nxc5 dxc5 13. Be3 Qg5 14. Bxf4 exf4 15. Qd2 Bd4+ 16. Kh1 Qh5 17. Bd3 g5 18. Rae1 Ra6 19. Nd1 Qxh2+ 0-1

[Event "Senta-ch"]
[Site "Senta"]
[Date "2014.01.25"]
[Round "2"]
[White "Kaszas, Viktor"]
[Black "Bicskei, Mihaly"]
[Result "1-0"]
[WhiteElo "2045"]
[BlackElo "1853"]
[PlyCount "81"]
[EventDate "2014.01.24"]
[EventType "swiss"]
[EventRounds "9"]
[EventCountry "SRB"]
[SourceTitle "EXT 2016"]
[Source "ChessBase"]
[SourceDate "2015.10.08"]
[SourceVersion "1"]
[SourceVersionDate "2015.10.08"]
[SourceQuality "1"]

1. e4 g6 2. d4 Bg7 3. Nc3 d6 4. Be3 Nf6 5. Qd2 Ng4 6. Bg5 h6 7. Bh4 g5 8. Bg3 e5 9. Nf3 exd4 10. Nxd4 Nc6 11. Bb5 Bd7 12. Bxc6 bxc6 13. h4 Ne5 14. 0-0-0 Rb8 15. Qe2 g4 16. Nf5 Bxf5 17. exf5 Qf6 18. Bxe5 Qxe5 19. Qxg4 0-0 20. Rhe1 Qf6 21. Rd3 d5 22. b3 a5 23. a3 Kh7 24. Ree3 Rfe8 25. Rg3 Re1+ 26. Kd2 Rbe8 27. Nd1 Qa1 28. Rde3 R1xe3 29. fxe3 Qf6 30. Rf3 Re4 31. Rf4 Qe7 32. Rxe4 dxe4 33. Qf4 Qd7+ 34. Ke2 Qe7 35. Nf2 Bf6 36. Nxe4 Be5 37. Qg4 Bf6 38. Nxf6+ Qxf6 39. Qe4 Qc3 40. f6+ Kg8 41. Qe8+ 1-0

[Event "Senta op-A 17th"]
[Site "Senta"]
[Date "2013.07.18"]
[Round "7"]
[White "Sakic, Lorand"]
[Black "Kaszas, Viktor"]
[Result "1/2-1/2"]
[WhiteElo "1971"]
[BlackElo "2040"]
[PlyCount "121"]
[EventDate "2013.07.13"]
[EventType "swiss"]
[EventRounds "9"]
[EventCountry "SRB"]
[SourceTitle "EXT 2014"]
[Source "ChessBase"]
[SourceDate "2013.11.20"]
[SourceVersion "1"]
[SourceVersionDate "2013.11.20"]
[SourceQuality "1"]

1. e4 c5 2. Nf3 e6 3. d4 cxd4 4. Nxd4 a6 5. c4 Qc7 6. Nc3 Nf6 7. a3 d6 8. Be2 Be7 9. 0-0 b6 10. Be3 Bb7 11. f3 Nbd7 12. Qb3 0-0 13. Rac1 Rac8 14. Nd1 Rfe8 15. Nf2 Qb8 16. Qa2 Bd8 17. b4 Bc7 18. g3 Qa8 19. Qb1 d5 20. c5 bxc5 21. bxc5 Nb8 22. Bd3 Nc6 23. exd5 exd5 24. Nxc6 Rxe3 25. Nd4 Qa7 26. Nf5 Ree8 27. Rfe1 Rcd8 28. Qb4 Bc8 29. Nd4 Bd7 30. Rxe8+ Rxe8 31. Kg2 Rb8 32. Qd2 Be5 33. Be2 Rc8 34. f4 Bxd4 35. Qxd4 Bc6 36. Bf3 Bb5 37. Ng4 Nxg4 38. Bxg4 Rd8 39. Bf3 Qc7 40. Kg1 Bc4 41. Rc3 Kf8 42. Kf2 Qe7 43. Re3 Qf6 44. Re5 Qg6 45. Qc3 Qb1 46. Be2 Qb5 47. Bxc4 Qxc5+ 48. Ke2 Qxc4+ 49. Qxc4 dxc4 50. Rc5 Rd4 51. Ra5 c3 52. Rc5 Rd2+ 53. Ke3 Rc2 54. Kd4 Rxh2 55. Rxc3 Ke7 56. Rc7+ Ke6 57. Rc6+ Kf5 58. Rxa6 Rg2 59. Ra5+ Kf6 60. Ra6+ Kf5 61. Ra5+ 1/2-1/2

[Event "Senta op-A 17th"]
[Site "Senta"]
[Date "2013.07.14"]
[Round "2"]
[White "Vucinic, Gojko"]
[Black "Kaszas, Viktor"]
[Result "1-0"]
[WhiteElo "2252"]
[BlackElo "2040"]
[PlyCount "87"]
[EventDate "2013.07.13"]
[EventType "swiss"]
[EventRounds "9"]
[EventCountry "SRB"]
[SourceTitle "EXT 2014"]
[Source "ChessBase"]
[SourceDate "2013.11.20"]
[SourceVersion "1"]
[SourceVersionDate "2013.11.20"]
[SourceQuality "1"]

1. e4 c5 2. Nf3 e6 3. d4 cxd4 4. Nxd4 a6 5. Nc3 Qc7 6. Bd3 Nf6 7. f4 d6 8. Qf3 b5 9. a3 Bb7 10. Bd2 Nbd7 11. g4 Nb6 12. g5 Nfd7 13. 0-0-0 Rc8 14. Kb1 Nc5 15. f5 e5 16. Nb3 Nba4 17. Nxa4 Nxa4 18. Na5 Ba8 19. Rc1 Nc5 20. c4 bxc4 21. Nxc4 Nb3 22. Rc3 Nd4 23. Qf2 Nb5 24. Nxd6+ Bxd6 25. Rxc7 Rxc7 26. f6 g6 27. Bxb5+ axb5 28. Re1 Bb7 29. Qb6 Kd7 30. Bb4 Bxb4 31. axb4 Rhc8 32. Qxb5+ Ke6 33. Qd3 Rc4 34. Qh3+ Kd6 35. Rd1+ Rd4 36. Rxd4+ exd4 37. Qd3 Re8 38. Qxd4+ Kc7 39. e5 Re6 40. b5 Bc8 41. Qc5+ Kb7 42. Ka2 Bd7 43. Ka3 Rb6 44. Kb4 1-0

[Event "SRB-chT2 Vojvodina League"]
[Site "Kac"]
[Date "2012.10.19"]
[Round "8"]
[White "Kaszas, Viktor"]
[Black "Ivanovic, Miroslav"]
[Result "1-0"]
[WhiteElo "2027"]
[BlackElo "2104"]
[PlyCount "69"]
[EventDate "2012.10.14"]
[EventType "team-swiss"]
[EventRounds "11"]
[EventCountry "SRB"]
[SourceTitle "EXT 2015"]
[Source "ChessBase"]
[SourceDate "2014.11.20"]
[SourceVersion "1"]
[SourceVersionDate "2014.11.20"]
[SourceQuality "1"]

1. e4 e6 2. d4 d5 3. Nd2 a6 4. Ngf3 c5 5. e5 cxd4 6. Bd3 Nc6 7. 0-0 Bc5 8. Nb3 Bb6 9. c3 Nge7 10. Nbxd4 Ng6 11. Re1 Qc7 12. Qe2 h6 13. h4 Qe7 14. g3 Bc7 15. Nxc6 bxc6 16. h5 Nf8 17. b4 Nd7 18. a4 0-0 19. Bf4 c5 20. Bc2 Ra7 21. Nh4 Rd8 22. Qg4 Kh8 23. bxc5 Nf8 24. c6 Ba5 25. Re3 Rc7 26. Rf3 Rxc6 27. Bxh6 gxh6 28. Rf6 Ng6 29. hxg6 Rg8 30. Rxf7 Rc7 31. Qf4 Qg5 32. g7+ Rxg7 33. Rf8+ Rg8 34. Ng6+ Kg7 35. Rxg8+ 1-0

[Event "SRB-chT2 Vojvodina League"]
[Site "Kac"]
[Date "2012.10.18"]
[Round "7"]
[White "Kovacevic, Dragisa"]
[Black "Kaszas, Viktor"]
[Result "1/2-1/2"]
[WhiteElo "2236"]
[BlackElo "2027"]
[PlyCount "99"]
[EventDate "2012.10.14"]
[EventType "team-swiss"]
[EventRounds "11"]
[EventCountry "SRB"]
[SourceTitle "EXT 2015"]
[Source "ChessBase"]
[SourceDate "2014.11.20"]
[SourceVersion "1"]
[SourceVersionDate "2014.11.20"]
[SourceQuality "1"]

1. e4 c5 2. Nf3 d6 3. d4 cxd4 4. Qxd4 Nc6 5. Bb5 Bd7 6. Bxc6 Bxc6 7. Nc3 Nf6 8. Bg5 e6 9. 0-0-0 Be7 10. Qd3 0-0 11. h4 Qc7 12. Nd4 Rfc8 13. Kb1 Rab8 14. f3 b5 15. Nxc6 Qxc6 16. g4 Qc7 17. Rhe1 b4 18. Nb5 Qc5 19. Nd4 Rb7 20. Be3 Qa5 21. Nb3 Qc7 22. g5 Nd7 23. f4 a5 24. h5 a4 25. Nd2 Qc6 26. Nf3 Rbc7 27. Nd4 Qb7 28. g6 Nc5 29. gxf7+ Kxf7 30. Qc4 b3 31. axb3 axb3 32. Bc1 bxc2+ 33. Qxc2 Qa6 34. Qe2 Qa4 35. Qb5 Qa7 36. Bd2 Ra8 37. Bc3 Qa2+ 38. Kc2 Rb7 39. Qe2 Rab8 40. Rb1 Qa4+ 41. Kd2 e5 42. Nf3 Nb3+ 43. Ke3 Qa7+ 44. Kd3 Qa6+ 45. Ke3 Qb6+ 46. Kd3 Qb5+ 47. Ke3 Qb6+ 48. Kd3 Nc5+ 49. Kd2 Nb3+ 50. Kd3 1/2-1/2

[Event "SRB-chT2 Vojvodina League"]
[Site "Kac"]
[Date "2012.10.16"]
[Round "4"]
[White "Kaszas, Viktor"]
[Black "Skoko, Milan"]
[Result "0-1"]
[WhiteElo "2027"]
[BlackElo "2204"]
[PlyCount "50"]
[EventDate "2012.10.14"]
[EventType "team-swiss"]
[EventRounds "11"]
[EventCountry "SRB"]
[SourceTitle "EXT 2015"]
[Source "ChessBase"]
[SourceDate "2014.11.20"]
[SourceVersion "1"]
[SourceVersionDate "2014.11.20"]
[SourceQuality "1"]

1. e4 c5 2. Nf3 Nc6 3. d4 cxd4 4. Nxd4 Nf6 5. Nc3 e5 6. Ndb5 d6 7. Bg5 a6 8. Na3 Be6 9. Nc4 Rc8 10. Nd5 Bxd5 11. Bxf6 gxf6 12. Qxd5 Nb4 13. Qd2 Nxc2+ 14. Qxc2 d5 15. exd5 Bb4+ 16. Kd1 Qxd5+ 17. Kc1 0-0 18. a3 Bc5 19. Kb1 b5 20. Na5 Kh8 21. Qb3 Qd2 22. Nb7 Bd4 23. Bd3 Bxb2 24. Rd1 Rc1+ 25. Ka2 Bd4+ 0-1

[Event "Senta op-A 16th"]
[Site "Senta"]
[Date "2012.07.21"]
[Round "9"]
[White "Kaszas, Viktor"]
[Black "Marta, Dominik"]
[Result "1-0"]
[WhiteElo "2011"]
[BlackElo "1966"]
[PlyCount "137"]
[EventDate "2012.07.14"]
[EventType "swiss"]
[EventRounds "9"]
[EventCountry "SRB"]
[SourceTitle "CBM 149 Extra"]
[Source "ChessBase"]
[SourceDate "2012.08.24"]
[SourceVersion "1"]
[SourceVersionDate "2012.08.24"]
[SourceQuality "1"]

1. e4 e5 2. Nf3 Nf6 3. Nxe5 d6 4. Nf3 Nxe4 5. d4 d5 6. Bd3 Bd6 7. 0-0 0-0 8. c4 c6 9. Nc3 Re8 10. Re1 Nxc3 11. bxc3 Bg4 12. Rxe8+ Qxe8 13. cxd5 cxd5 14. Rb1 b6 15. Rb5 Qd7 16. h3 Bh5 17. Ne5 Qxb5 18. Qxh5 g6 19. Qf3 Qe8 20. Qxd5 Bxe5 21. Qxa8 Bd6 22. Bd2 Qd7 23. Qe4 Kg7 24. Qh4 h5 25. Qg5 Qe6 26. d5 Qf6 27. Qxf6+ Kxf6 28. f4 Nd7 29. Kf2 Nc5 30. Bc2 b5 31. Kf3 a5 32. Be3 Ke7 33. Bd4 Nd7 34. a4 b4 35. cxb4 Bxb4 36. f5 g5 37. Ke3 Kd6 38. h4 g4 39. Ke4 Be1 40. Bd3 f6 41. Bb5 Nc5+ 42. Bxc5+ Kxc5 43. Be8 Bxh4 44. Bxh5 g3 45. Bf7 Bg5 46. Kf3 Bh6 47. Kxg3 Bf8 48. Kh4 Be7 49. Kh5 Kd6 50. Kg6 Ke5 51. Be6 Bd6 52. g4 Be7 53. Kf7 Bd8 54. Ke8 Bb6 55. Ke7 Bc5+ 56. Kf7 Bb4 57. g5 fxg5 58. f6 Bc3 59. Kg6 g4 60. Bxg4 Kd6 61. Be6 Be5 62. Kf5 Bc3 63. f7 Bg7 64. Ke4 Kc5 65. Kf5 Kd6 66. Kg6 Bf8 67. Kh7 Ke7 68. Kg8 Bh6 69. Bg4 1-0

[Event "Senta op-A 16th"]
[Site "Senta"]
[Date "2012.07.15"]
[Round "3"]
[White "Kaszas, Viktor"]
[Black "Racz, Peter"]
[Result "1/2-1/2"]
[WhiteElo "2011"]
[BlackElo "2006"]
[PlyCount "107"]
[EventDate "2012.07.14"]
[EventType "swiss"]
[EventRounds "9"]
[EventCountry "SRB"]
[SourceTitle "CBM 149 Extra"]
[Source "ChessBase"]
[SourceDate "2012.08.24"]
[SourceVersion "1"]
[SourceVersionDate "2012.08.24"]
[SourceQuality "1"]

1. e4 c5 2. Nf3 d6 3. d4 cxd4 4. Nxd4 Nf6 5. Nc3 Nc6 6. Bc4 e6 7. Be3 Be7 8. 0-0 0-0 9. f4 d5 10. exd5 exd5 11. Be2 Bc5 12. Bf2 Ne4 13. Nxe4 dxe4 14. Nxc6 Bxf2+ 15. Rxf2 bxc6 16. Qxd8 Rxd8 17. Re1 Bb7 18. Bf1 c5 19. g4 Re8 20. Bg2 Re7 21. Rfe2 Rae8 22. Re3 Kf8 23. Kf2 Bd5 24. a3 g6 25. g5 f5 26. Rd1 Be6 27. Re2 Rd7 28. Rxd7 Bxd7 29. Ke3 Ke7 30. Rd2 Be6 31. Bf1 Rb8 32. b3 Bxb3 33. cxb3 Rxb3+ 34. Ke2 Rxa3 35. Rb2 Kd6 36. h3 c4 37. Ke1 c3 38. Rc2 Kc5 39. Be2 Kd4 40. Kf2 Ra1 41. Bb5 Rb1 42. Ba4 Kd3 43. Kg3 Rb2 44. Rc1 c2 45. Bxc2+ Rxc2 46. Ra1 e3 47. Rxa7 Rc4 48. Kf3 e2 49. Ra3+ Rc3 50. Rxc3+ Kxc3 51. Kxe2 Kd4 52. Kf3 Kd3 53. Kf2 Ke4 54. Kg3 1/2-1/2

[Event "Backa Topola-ch"]
[Site "Backa Topola"]
[Date "2011.11.28"]
[Round "8"]
[White "Pajzer, Istvan"]
[Black "Kaszas, Viktor"]
[Result "0-1"]
[WhiteElo "2122"]
[BlackElo "1988"]
[PlyCount "50"]
[EventDate "2011.11.11"]
[EventType "swiss"]
[EventRounds "9"]
[EventCountry "SRB"]
[SourceTitle "CBM 145 Extra"]
[Source "ChessBase"]
[SourceDate "2012.01.03"]
[SourceVersion "1"]
[SourceVersionDate "2012.01.03"]
[SourceQuality "1"]

1. d4 Nf6 2. c4 g6 3. Nc3 Bg7 4. e4 d6 5. f3 0-0 6. Be3 e5 7. Nge2 c6 8. Qd2 Nbd7 9. g4 h5 10. gxh5 Nxh5 11. 0-0-0 Qa5 12. Kb1 a6 13. Ng3 Ndf6 14. dxe5 dxe5 15. Bg5 Be6 16. Bd3 b5 17. Bxf6 Nxf6 18. Rdg1 Rfd8 19. Qc2 bxc4 20. Bf1 Kf8 21. h4 Bh6 22. Rg2 Bf4 23. Nge2 Be3 24. Ng3 Rab8 25. h5 Qxc3 0-1

[Event "Backa Topola-ch"]
[Site "Backa Topola"]
[Date "2011.11.23"]
[Round "6"]
[White "Paroski, Sinisa"]
[Black "Kaszas, Viktor"]
[Result "1-0"]
[WhiteElo "2182"]
[BlackElo "1988"]
[PlyCount "111"]
[EventDate "2011.11.11"]
[EventType "swiss"]
[EventRounds "9"]
[EventCountry "SRB"]
[SourceTitle "CBM 145 Extra"]
[Source "ChessBase"]
[SourceDate "2012.01.03"]
[SourceVersion "1"]
[SourceVersionDate "2012.01.03"]
[SourceQuality "1"]

1. e4 c5 2. Nf3 d6 3. d4 cxd4 4. Nxd4 Nf6 5. Nc3 a6 6. Be2 e5 7. Nb3 Be7 8. 0-0 0-0 9. a4 Be6 10. f4 Qc7 11. Kh1 Nbd7 12. Be3 Rac8 13. a5 Rfd8 14. f5 Bc4 15. Bxc4 Qxc4 16. Ra4 Qc6 17. Qf3 Nc5 18. Rb4 d5 19. exd5 Nxd5 20. Nxd5 Rxd5 21. Rb6 Qd7 22. f6 e4 23. Qg3 Bf8 24. Nxc5 Rdxc5 25. Bxc5 Rxc5 26. fxg7 Bxg7 27. Qb8+ Rc8 28. Qxb7 Qxb7 29. Rxb7 Rxc2 30. Rbxf7 e3 31. Re7 Bd4 32. g3 Rxb2 33. Re4 Rf2 34. Rxf2 exf2 35. Kg2 Bc3 36. Ra4 Be1 37. Ra2 Kg7 38. h3 Kg6 39. Rxf2 Bxa5 40. Ra2 Bd8 41. Rxa6+ Bf6 42. Kf3 Kg7 43. Kf4 Bc3 44. Kf5 Bd2 45. Ra7+ Kg8 46. g4 Be3 47. Re7 Bc5 48. Rc7 Bd4 49. h4 Bb2 50. Rb7 Bc3 51. g5 Bd4 52. h5 Bc3 53. h6 Bd4 54. Ke6 Bc5 55. Rb8+ Bf8 56. Ra8 1-0

[Event "Backa Topola-ch"]
[Site "Backa Topola"]
[Date "2011.11.21"]
[Round "5"]
[White "Kaszas, Viktor"]
[Black "Kumic, Filip"]
[Result "1/2-1/2"]
[WhiteElo "1988"]
[BlackElo "2233"]
[PlyCount "52"]
[EventDate "2011.11.11"]
[EventType "swiss"]
[EventRounds "9"]
[EventCountry "SRB"]
[SourceTitle "CBM 145 Extra"]
[Source "ChessBase"]
[SourceDate "2012.01.03"]
[SourceVersion "1"]
[SourceVersionDate "2012.01.03"]
[SourceQuality "1"]

1. e4 c5 2. Nf3 d6 3. d4 cxd4 4. Nxd4 Nf6 5. Nc3 a6 6. Bc4 e6 7. Bb3 Nbd7 8. Bg5 Nc5 9. f4 Be7 10. Qf3 Qc7 11. 0-0-0 b5 12. Bxf6 Nxb3+ 13. axb3 Bxf6 14. e5 Bb7 15. Ne4 dxe5 16. Nd6+ Qxd6 17. Qxb7 Rb8 18. Qc6+ Qxc6 19. Nxc6 Rc8 20. Nxe5 Bxe5 21. fxe5 Rc5 22. Rd6 Rxe5 23. Rxa6 0-0 24. Rd1 Re2 25. Rd2 Re1+ 26. Rd1 Re2 1/2-1/2

[Event "Backa Topola-ch"]
[Site "Backa Topola"]
[Date "2011.11.18"]
[Round "4"]
[White "Szabados, Karoly"]
[Black "Kaszas, Viktor"]
[Result "1/2-1/2"]
[WhiteElo "2096"]
[BlackElo "1988"]
[PlyCount "103"]
[EventDate "2011.11.11"]
[EventType "swiss"]
[EventRounds "9"]
[EventCountry "SRB"]
[SourceTitle "CBM 145 Extra"]
[Source "ChessBase"]
[SourceDate "2012.01.03"]
[SourceVersion "1"]
[SourceVersionDate "2012.01.03"]
[SourceQuality "1"]

1. Nf3 Nf6 2. b3 d5 3. e3 g6 4. Bb2 Bg7 5. c4 0-0 6. cxd5 Nxd5 7. Bxg7 Kxg7 8. Be2 c5 9. 0-0 Nc6 10. d4 cxd4 11. Nxd4 Nxd4 12. Qxd4+ Nf6 13. Qb2 Qa5 14. Nd2 Be6 15. Rfd1 Rfd8 16. Nf3 Rac8 17. Nd4 Qb6 18. Rac1 Kg8 19. Nxe6 Qxe6 20. Rxd8+ Rxd8 21. h3 Qd6 22. Rd1 Qc7 23. Rxd8+ Qxd8 24. Qc2 Qd7 25. Bf3 b6 26. Qc6 Kg7 27. Qxd7 Nxd7 28. Kf1 Kf6 29. Ke2 Ke5 30. Kd3 Kd6 31. Kc3 a5 32. Kc4 Ne5+ 33. Kb5 Kc7 34. Be2 h6 35. f4 Nc6 36. a3 Na7+ 37. Kc4 Kd6 38. Bf3 f6 39. h4 g5 40. hxg5 hxg5 41. fxg5 fxg5 42. a4 Ke5 43. Bb7 e6 44. g4 Kd6 45. Kd4 Kc7 46. Ba8 Kd6 47. Ke4 b5 48. Kd4 bxa4 49. bxa4 Nc8 50. Bf3 Nb6 51. Bd1 Nd5 52. Bc2 1/2-1/2

[Event "Backa Topola-ch"]
[Site "Backa Topola"]
[Date "2011.11.14"]
[Round "2"]
[White "Kaszas, Viktor"]
[Black "Nagy, Attila"]
[Result "1-0"]
[WhiteElo "1988"]
[BlackElo "2229"]
[PlyCount "97"]
[EventDate "2011.11.11"]
[EventType "swiss"]
[EventRounds "9"]
[EventCountry "SRB"]
[SourceTitle "CBM 145 Extra"]
[Source "ChessBase"]
[SourceDate "2012.01.03"]
[SourceVersion "1"]
[SourceVersionDate "2012.01.03"]
[SourceQuality "1"]

1. e4 c5 2. Nf3 a6 3. c4 e6 4. d4 cxd4 5. Nxd4 Nf6 6. Nc3 Qc7 7. a3 b6 8. Be3 Bb7 9. f3 d6 10. Be2 Nbd7 11. Rc1 Rc8 12. 0-0 Be7 13. b4 0-0 14. Nb3 Qb8 15. Kh1 Rfe8 16. Bg1 Nh5 17. Qd2 Nhf6 18. Rfd1 Rcd8 19. Qd4 d5 20. cxd5 exd5 21. Nxd5 Nxd5 22. exd5 Bf6 23. Qf2 Qe5 24. Re1 Qb2 25. Bc4 Rxe1 26. Rxe1 Qxa3 27. Qd2 b5 28. Na5 Bc8 29. Bb3 Ne5 30. Bb6 Rf8 31. Bc5 Rd8 32. Qe3 h6 33. d6 Kh8 34. f4 Ng4 35. Qe2 Qb2 36. Qxb2 Bxb2 37. Bxf7 Bd7 38. h3 Nf6 39. g4 Bc3 40. Re2 Rf8 41. Re7 Bc8 42. g5 Nd7 43. Nb3 hxg5 44. fxg5 Ne5 45. g6 Bf5 46. Re8 Rxe8 47. Bxe8 Kg8 48. Nd4 Nd7 49. Nxf5 1-0

[Event "Lakitelek Magyarok op"]
[Site "Lakitelek"]
[Date "2011.08.14"]
[Round "9"]
[White "Dolnik, Attila"]
[Black "Kaszas, Viktor"]
[Result "1/2-1/2"]
[WhiteElo "2169"]
[BlackElo "1963"]
[PlyCount "23"]
[EventDate "2011.08.06"]
[EventType "swiss"]
[EventRounds "9"]
[EventCountry "HUN"]
[SourceTitle "CBM 144 Extra"]
[Source "ChessBase"]
[SourceDate "2011.10.28"]
[SourceVersion "1"]
[SourceVersionDate "2011.10.28"]
[SourceQuality "1"]

1. Nf3 g6 2. g3 Bg7 3. Bg2 Nf6 4. c4 0-0 5. 0-0 d6 6. Nc3 e5 7. d3 c6 8. Qc2 a5 9. a3 h6 10. Bd2 Be6 11. b4 Nbd7 12. b5 1/2-1/2

[Event "Lakitelek Magyarok op"]
[Site "Lakitelek"]
[Date "2011.08.13"]
[Round "8"]
[White "Kaszas, Viktor"]
[Black "Jesenski, Tibor"]
[Result "0-1"]
[WhiteElo "1963"]
[BlackElo "2313"]
[PlyCount "72"]
[EventDate "2011.08.06"]
[EventType "swiss"]
[EventRounds "9"]
[EventCountry "HUN"]
[SourceTitle "CBM 144 Extra"]
[Source "ChessBase"]
[SourceDate "2011.10.28"]
[SourceVersion "1"]
[SourceVersionDate "2011.10.28"]
[SourceQuality "1"]

1. e4 e5 2. Nf3 Nc6 3. Bb5 a6 4. Ba4 Nf6 5. 0-0 b5 6. Bb3 Be7 7. Re1 0-0 8. c3 d5 9. exd5 Nxd5 10. Nxe5 Nxe5 11. Rxe5 c6 12. d4 Bd6 13. Re1 Qh4 14. g3 Qh3 15. Re4 g5 16. Qf1 Qh5 17. Nd2 Bf5 18. f3 Bxe4 19. fxe4 Nb6 20. e5 Be7 21. Ne4 Nd5 22. Qf5 h6 23. h4 Kg7 24. Bxd5 cxd5 25. Nf6 Bxf6 26. Qxf6+ Kh7 27. hxg5 Rg8 28. Kg2 hxg5 29. Bxg5 Qe2+ 30. Kh3 Rg7 31. Rf1 Rxg5 32. Qxf7+ Rg7 33. Qf5+ Kh8 34. Rf2 Qe3 35. Qf4 Qxf4 36. gxf4 Rag8 0-1

[Event "Lakitelek Magyarok op"]
[Site "Lakitelek"]
[Date "2011.08.06"]
[Round "1"]
[White "Kaszas, Viktor"]
[Black "Karpati, Kende Vajk"]
[Result "1-0"]
[WhiteElo "1963"]
[BlackElo "1677"]
[PlyCount "49"]
[EventDate "2011.08.06"]
[EventType "swiss"]
[EventRounds "9"]
[EventCountry "HUN"]
[SourceTitle "CBM 144 Extra"]
[Source "ChessBase"]
[SourceDate "2011.10.28"]
[SourceVersion "1"]
[SourceVersionDate "2011.10.28"]
[SourceQuality "1"]

1. e4 c5 2. Nf3 d6 3. d4 cxd4 4. Nxd4 Nf6 5. Nc3 g6 6. f3 Bg7 7. Be3 0-0 8. Qd2 Nc6 9. g4 Bd7 10. 0-0-0 Rc8 11. h4 h5 12. gxh5 Nxh5 13. Kb1 Kh7 14. Nd5 Rh8 15. Be2 e6 16. Nc3 Nxd4 17. Bxd4 Bxd4 18. Qxd4 Rc6 19. f4 Kg8 20. f5 exf5 21. Nd5 Rh6 22. Bxh5 gxh5 23. Rdg1+ Rg6 24. Nf4 Qe8 25. Nxh5 1-0